Personnages Head Basketball - Statistiques

Statistiques générales
  • Ce quiz a été pris 10 fois
  • Le résultat moyen est 32 sur 44
Statistiques - réponses
Indice Réponse Pays % Correct
Sand Shot Cleopatra Egypte
86%
Boxe Shot Danny Phillipines
86%
Ice shot Jacob Canada
86%
Sword shot Jeanne France
86%
Dribble Shot Jérémy U.S.A
86%
Beer shot Jérome Allemagne
86%
Love shot Julia Brésil
86%
Eagle Shot Karim Arabie Saoudite
86%
Robot shot Léonardo Italie
86%
Light shot Lucas Argentine
86%
Demon Shot Nico Belgique
86%
Head shot Taemin Corée du Sud
86%
Totem Shot Tepano Chili
86%
Marionette shot Ukrit Indonésie
86%
Bull shot Alfredo Espagne
71%
Ritual shot Alom Méxique
71%
Tank Shot Blitz Tankland
71%
Castle Shot Bo Danemark
71%
Divine Power Shot Dante Comlombie
71%
Mecha Arm Shot Dao Viet Nam
71%
Baseball Shot Ernesto Cuba
71%
Snake shot Harish Inde
71%
Shuriken shot Hayato Japon
71%
Fire Blowing Jalo Haiti
71%
Fat Shot Khan Mongolie
71%
Kick Shot Linlin Chine
71%
Bazooka shot Mark Russie
71%
Gum Gum Shot Mia Finlande
71%
Shotgun Shot Musa Turquie
71%
Radio Shot Omario Jamaique
71%
Genuis Shot Samir Maroc
71%
Witch Shot Sophie Hollandais
71%
Wave shot Tyler Nouvelle-Zélande
71%
Wolf shot Vukasin Serbie
71%
Dead shot William Royaume-Uni
71%
Muscle Shot Yazid Malaizie
71%
Nature Shot Adia Tanzanie
57%
Gun Shot AF-94 Algérie
57%
Arrow Shot Arthémis Grèce
57%
Axe Shot Brant Norvège
57%
Superman Shot Glik Pologne
57%
M9 Shot Karina Ukraine
57%
Blood Shot Razvan Roumanie
57%
Fruit shot Savika Thailande
57%
Aucun quiz correspondant
Distribution des résultats
% des personnes avec chaque résultat
Percentile par nombre de réponses
Votre historique - résultats
Vous n’avez pas pris ce quiz